UBT Library

Essentials Organizational Behavior (Record no. 56996)

000 -LEADER
fixed length control field 00335nam a22001457a 4500
008 - FIXED-LENGTH DATA ELEMENTS--GENERAL INFORMATION
fixed length control field 210429b ||||| |||| 00| 0 eng d
020 ## - INTERNATIONAL STANDARD BOOK NUMBER
International Standard Book Number 9780131445710
041 ## - LANGUAGE CODE
Language code of text/sound track or separate title eng
080 ## - UNIVERSAL DECIMAL CLASSIFICATION NUMBER
Edition identifier 8th
Universal Decimal Classification number 37
082 ## - DEWEY DECIMAL CLASSIFICATION NUMBER
Classification number 37
100 ## - Rafti
Rafti 46
101 ## - Shkurtesa
Shkurtesa EDU
245 ## - TITLE STATEMENT
Title Essentials Organizational Behavior
Statement of responsibility, etc Stephen P. Robbins
942 ## - ADDED ENTRY ELEMENTS (KOHA)
Source of classification or shelving scheme
Item type Books
Holdings
Withdrawn status Lost status Source of classification or shelving scheme Damaged status Not for loan Collection code Permanent location Current location Shelving location Date acquired Total Checkouts Full call number Barcode Date last seen Price effective from Koha item type
          Koleksioni i përgjithshem UBT - Lipjan UBT - Lipjan Koleksioni i përgjithshem 04/29/2021   37 ROB 002-7002588 04/29/2021 04/29/2021 Books
UBT Library © 2015-2024. All rights reserved University Education for Business and Technology